00374nam a22001217a 450000500170000002000220001703500130003903700130005210000160006524500960008126000510017730000240022820120420151029.0 a8176481076c00.00 aA-991581 aDPLbENG aGhosh, P.A. aEthnic conflict in Sri Lanka and role of Indian peace keeping force (IPKF) /cby P.A. Ghosh aNew DelhibA.P.H. Publishing Corporationc1999 axxv, 215p.c20 cms.